Sejarah kebangkitan Islam dan perkembangannya di Indonesia

Bibliographic Details
Main Author: Zuhri, Saifuddin , 1919-1986 (Author)
Format: Book
Published: Bandung : Alma'arif , 1979
Subjects:

MARC

LEADER 00000cam a2200000 7i4500
001 0000006179
005 20190829093000.0
090 0 0 |a BP62.43.I5   |b .Z83 1979 
100 0 |a Zuhri, Saifuddin ,   |d 1919-1986 ,   |e author 
245 0 0 |a Sejarah kebangkitan Islam dan perkembangannya di Indonesia   |c Saifuddin Zuhri 
260 2 |a Bandung :   |b Alma'arif ,   |c 1979 
300 |a 667 ms. ;   |c 18 sm. 
650 0 |a Islam   |x Historiography 
651 0 |a Indonesia   |x History 
999 |a 1000001420   |b Book   |c OPEN SHELF (30 DAYS)   |e Gong Badak Campus 
999 |a 1000076173   |b Book   |c OPEN SHELF (30 DAYS)   |e Medical Campus